Igualdad de los sexos en la seguridad social: Jurisprudencia del Tribunal Europeo /
Salvato in:
| Autore principale: | |
|---|---|
| Natura: | testo |
| Soggetti: | |
| Tags: |
Aggiungi Tag
Nessun Tag, puoi essere il primo ad aggiungerne!!
|
MARC
| LEADER | 00000 a a2200000 04500 | ||
|---|---|---|---|
| 001 | 16418 | ||
| 003 | |||
| 040 | |||
| 100 | |a Ingeborg, Heide | ||
| 245 | |a Igualdad de los sexos en la seguridad social: |b Jurisprudencia del Tribunal Europeo / |c Heide Ingeborg | ||
| 650 | |a IGUALDAD DE GENERO | ||
| 650 | |a SEGURIDAD SOCIAL | ||
| 650 | |a EUROPA | ||
| 773 | |g volumen 122, número 4; páginas 337-382 | ||
| 999 | |c 39472 |d 39472 | ||
